header

Nasser's Blessed Movement (Record no. 4211)

MARC details
000 -LEADER
fixed length control field 01339nam a2200337Ia 4500
082 04 - DEWEY DECIMAL CLASSIFICATION NUMBER
Classification number 962
100 1# - MAIN ENTRY--AUTHOR NAME
Personal name Gordon, Joel.
245 10 - TITLE STATEMENT
Title Nasser's Blessed Movement
260 ## - PUBLICATION, DISTRIBUTION, ETC. (IMPRINT)
Place of publication New York :
Name of publisher Oxford University Press,
Year of publication 1992.
300 ## - PHYSICAL DESCRIPTION
Number of Pages vii, 254 p.
490 1# - SERIES STATEMENT
Series statement Studies in Middle Eastern history
650 #0 - SUBJECT ADDED ENTRY--TOPICAL TERM
Topical Term Political science.
856 40 - ELECTRONIC LOCATION AND ACCESS
Uniform Resource Identifier http://site.ebrary.com/lib/rucke/Doc?id=10278154

No items available.

© 2026 Rongo University
Contact us: librarian | system librarian | Rongo university